Podział administracyjny Rosji - Kaukaz Północny - Statystyki

Ogólne statystyki
  • Ten quiz został rozwiązany 15 razy
  • Średni wynik to 8 z 11
Odpowiedzi na mapie
Odpowiedzi zakodowano w zielono-czerwonej skali na mapie do tego quizu, zgodnie z poniższymi procentami.
 
Statystyki odpowiedzi
Rodzaj Jednostka podziału administracyjnego % Poprawnych
Republika Czeczenia
100%
Republika Osetia Północna-Alania
100%
Republika Dagestan
86%
Kraj Krasnodarski
86%
Obwód Rostowski
86%
Republika Adygeja
71%
Republika Kabardo-Bałkaria
71%
Kraj Stawropolski
71%
Republika Inguszetia
57%
Republika Kałmucja
57%
Republika Karaczajo-Czerkiesja
57%
Nie znaleziono quizów pasujących do podanych kryteriów
Rozkład punktacji
Procent ludzi z każdym wynikiem
Percentyl według liczby udzielonych odpowiedzi
Twoja historia wyników
Nie rozwiązałeś tego quizu